Tactical pilotage chart, TPC. F-7B, China, Mongolia /

Bibliographic Details
Corporate Author: Aerospace Center (U.S.)
Format: Government Document Map
Language:English
Published: St. Louis, Mo. : The Center ; [1996]
Edition:Ed. 1.
Subjects:

MARC

Tag First Indicator Second Indicator Subfields
LEADER 00000cem a2200000Ia 4500
001 in00000005991
005 20150927203249.0
007 aj canzn
008 990816s1996 mouacg cc a f 0 eng d
034 1 |a a  |b 500000  |d E0910000  |e E0990000  |f N0480000  |g N0440000 
035 |a (OCoLC)ocm42084013 
035 |9 AJK0016AM 
037 |a NSN 7641-01-410-4043  |b DOD 
037 |a TPCXXF 07 B  |b DMA 
040 |a GPO  |c GPO  |d UtOrBLW 
049 |a TXAM 
052 |a 7820 
052 |a 7895 
074 |a 0378-E-05 
086 0 |a D 5.354:TPC F-7 B/989 
090 |a G3201.P6 s500  |b .U5 TPC F-7B 
110 2 |a Aerospace Center (U.S.) 
245 1 0 |a Tactical pilotage chart, TPC.  |n F-7B,  |p China, Mongolia /  |c prepared and published by the Defense Mapping Agency Aerospace Center. 
246 3 0 |a TPC, China, Mongolia 
246 3 0 |a China, Mongolia 
250 |a Ed. 1. 
255 |a Scale 1:500,000 ;  |b Lambert conformal conic proj., standard parallels 41⁰20ʹ and 46⁰40ʹ  |c (E 91⁰--E 99⁰/N 48⁰--N 44⁰). 
264 1 |a St. Louis, Mo. :  |b The Center ;  |c [1996] 
264 2 |a [Riverdale, Md.] :  |b [NOAA Distribution Division, N/ACC3, National Ocean Service, distributor], 
300 |a 1 map :  |b color ;  |c on sheet 106 x 146 cm., folded to 27 x 37 cm. 
336 |a cartographic image  |b cri  |2 rdacontent 
337 |a unmediated  |b n  |2 rdamedia 
338 |a sheet  |b nb  |2 rdacarrier 
500 |a Relief shown by contours, tints, and spot heights. 
500 |a "Air information current through 24 February 1989." 
500 |a Shipping list number: 99-2008-S. 
500 |a "Compiled February 1989." 
500 |a "Printed by DMA 09-96." 
500 |a Includes elevation tints and interchart relationship diagrams. 
500 |a Shipping List #: 99-2008-S 
500 |a Shipping List Date: 07/28/99 
500 |a Cartographic material. 
650 0 |a Aeronautical charts  |z China. 
650 0 |a Aeronautical charts  |z Mongolia. 
994 |a E0  |b TXA 
999 |a MARS 
999 f f |s 68912063-f3d0-362c-b30a-6f3c96c3c443  |i 53cf8832-8a3e-3dd9-8c42-8cceefded1e8  |t 0 
952 f f |p normal  |a Texas A&M University  |b College Station  |c Sterling C. Evans Library  |d Evans: Maps File (2nd floor)  |t 0  |e G3201.P6 s500 .U5 TPC F-7B  |h Library of Congress classification  |i unmediated -- sheet  |m A14827047389 
998 f f |a G3201.P6 s500 .U5 TPC F-7B  |t 0  |l Evans: Maps File (2nd floor)